Statistics for SAT Words Click Quiz - H

Click here to take the quiz!

General Stats

  • This quiz has been taken 313 times
  • The average score is 11 of 15

Answer Stats

HintAnswer% Correct
Remote, undeveloped areaHinterland
91%
ExaggerationHyperbole
91%
Devoted to pleasureHedonistic
85%
ArrogantHaughty
84%
UniformityHomogeneity
83%
Warning of things to comeHarbinger
80%
Sealed; airtightHermetic
75%
Relating to touch sensationHaptic
72%
Angry rant; diatribeHarangue
70%
Total dominance or authorityHegemony
70%
Short sermon or platitudeHomily
70%
HairyHirsute
68%
Overly dramaticHistrionic
68%
Peaceful and prosperousHalcyon
57%
Very old; showing signs of ageHoary
47%

Score Distribution

Percentile by Number Answered

Percent of People with Each Score

Your Score History

You have not taken this quiz